Indonesian Band / Musical Group - Statistics

General Stats
  • This quiz has been taken 128 times
  • The average score is 19 of 70
Answer Stats
Hint Answer % Correct
4 Dewa 19
88%
5 Noah
70%
2 Sheila On 7
69%
3 Peterpan
65%
40 Nidji
58%
6 Ungu
58%
7 Padi
57%
32 D'Masiv
56%
20 Wali
55%
44 ST 12
52%
1 Slank
51%
64 Kangen Band
50%
14 Kotak
49%
26 Armada
46%
23 Ada Band
44%
9 Naif
41%
42 Radja
41%
37 Letto
38%
33 Gigi
36%
19 Geisha
33%
34 Kahitna
33%
53 Seventeen
33%
15 Cokelat
32%
62 Hijau Daun
32%
25 Andra and The Backbone
31%
35 Kerispatih
31%
70 Project Pop
29%
57 D'Bagindas
28%
8 Jamrud
27%
36 Koes Plus
27%
39 Naff
27%
24 Samsons
25%
22 Superman Is Dead
24%
47 Tipe-X
24%
16 Utopia
23%
55 Drive
21%
61 God Bless
21%
66 Payung Teduh
21%
11 J-Rocks
20%
63 Hello
18%
17 KLa Project
16%
28 Stinky
16%
29 Element
15%
10 Jikustik
15%
49 Zigaz
15%
60 Five Minutes
14%
38 Netral
14%
67 Pee Wee Gaskins
13%
27 Base Jam
11%
51 Burgerkill
11%
41 Pas Band
11%
21 Repvblik
11%
18 rif
11%
12 Boomerang
9%
65 Mocca
9%
69 Bimbo
8%
59 Endank Soekamti
8%
46 The Rain
8%
43 Shaggy Dog
7%
58 EdanE
6%
31 Java Jive
6%
50 BIP
5%
54 Clubeighties
4%
68 Seurieus
4%
48 Wayang
4%
30 Bragi
3%
52 Caffeine
3%
13 Gong 2000
3%
45 The Fly
2%
56 D'Lloyd
1%
No matching quizzes found
Score Distribution
Percent of People with Each Score
Percentile by Number Answered
Your Score History
You have not taken this quiz